| 000 | 00000nam##2200000za#4500 |
| 001 | 9.641735 |
| 003 | CaOODSP |
| 005 | 20250620143147 |
| 007 | cr ||||||||||| |
| 008 | 150407|2013||||xxc|||||o f|0| 0 fre|d |
| 020 | |a978-0-660-20833-6 |
| 040 | |aCaOODSP|bfre |
| 043 | |an-cn--- |
| 086 | 1 |aCH4-158/2013F-PDF |
| 110 | 1 |aCanada. |bPatrimoine canadien. |
| 245 | 10|aCode de valeurs et d'éthique : |h[ressource électronique]|bplus que des mots |
| 260 | |aOttawa - Ontario : |bPatrimoine canadien |cc2012. |
| 300 | |a37p.|bréférences |
| 590 | |a15-02-Supp|b2015-02-16 |
| 691 | 07|aÉthique|2gcpds |
| 775 | 08|tValues and ethics code : |w(CaOODSP)9.697722 |
| 794 | |tCode de valeurs et d'éthique de Patrimoine canadien.|w(CaOODSP)9.952560 |
| 856 | 40|ahttp://publications.gc.ca|qPDF|s984 Ko|uhttps://publications.gc.ca/collections/collection_2015/pc-ch/CH4-158-2013-fra.pdf |